LEADER 01265nam--2200373---450- 001 990002878930203316 005 20091027134005.0 010 $a2-8027-2032-5 035 $a000287893 035 $aUSA01000287893 035 $a(ALEPH)000287893USA01 035 $a000287893 100 $a20070309d2005----km-y0itay50------ba 101 $afre 102 $aBE 105 $a||||||||001yy 200 1 $aDe Schengen à Mondorf-les-Bains : le citoyen au coeur de l'Europe élargie$e18. Congres annuel de l'Union des avocats européens$eSchengen, Mondorf-les-bains : 17, 18 et 19 juin 2004 210 $aBruxelles$cBruylant$dcopyr.2005 215 $a203 p.$d24 cm 410 0$12001 454 1$12001 461 1$1001-------$12001 606 0 $aCittadinanza$xUnione Europea 676 $a342.4083 710 02$aUnione degli avvocati europei$0420976 801 0$aIT$bsalbc$gISBD 912 $a990002878930203316 951 $aXXIII.4.K. 555 (IG VIII 12 FR 701)$b52077 G$cXXIII.4.K. 555 (IG VIII 12)$d00121855 959 $aBK 969 $aGIU 979 $aCAPORASO$b90$c20070309$lUSA01$h1239 979 $aRSIAV3$b90$c20091027$lUSA01$h1340 996 $aDe Schengen à Mondorf-les-Bains : le citoyen au coeur de l'Europe élargie$9990545 997 $aUNISA